Chrakteristika dennej tlače na Slovensku (1990-2014)

Podrobná bibliografia
Hlavný autor: Lincényi, Marcel, 1981- (Autor)
Médium: Kniha
Jazyk:slovenčina
PhysicalDescription:210 strán grafy, tabuľky 25 cm
Vydavateľské údaje: Trenčín Trenčianska univerzita Alexandra Dubčeka v Trenčíne 2017
ISBN:9788080757755
Vydanie:Vydanie: prvé
Predmet:

MARC

LEADER 00000cam a2200000 4500
001 vtls011740201
003 SK-MaSNL
005 20260425223817.0
008 200316s2017 xo da fr 000 0 slo
015 |a SNBA2018/03 
020 |a 9788080757755  |q (viazané) 
035 |a urn:nbn:sk:snk-am00dhvg 
035 |a urn:nbn:sk:snk-am3i2t0 
035 |a FAB3C9BA-ABB4-477F-8639-A1F2F49548AA 
040 |a SNK  |b slo  |c SNK  |e rda 
041 0 |a slo 
043 |a e-xo--- 
044 |a xo  |c SK 
072 7 |a 070  |x Noviny. Tlač. Žurnalistika  |2 konspekt 
080 |a 070"520*1"  |2 2011 
080 |a 070.15  |2 2011 
080 |a 316.774:070.16  |2 2011 
080 |a 33.025.28  |2 2011 
080 |a (437.6)  |2 2011 
080 |a (048.8)  |2 2011 
080 |a 050+070.48  |2 2011 
080 |a 316.774:316.776.33  |2 2011 
100 1 |a Lincényi, Marcel,  |d 1981-  |4 aut  |9 188447 
245 1 0 |a Chrakteristika dennej tlače na Slovensku  |b (1990-2014)  |c Marcel Lincényi 
250 |a Vydanie: prvé 
264 1 |a Trenčín  |b Trenčianska univerzita Alexandra Dubčeka v Trenčíne  |c 2017 
300 |a 210 strán  |c grafy, tabuľky  |c 25 cm 
336 |a text  |b txt  |2 rdacontent 
337 |a bez média  |b n  |2 rdamedia 
338 |a zväzok  |b nc  |2 rdacarrier 
504 |a Bibliografia na strane 172-193 ; bibliografické odkazy 
648 7 |a 1990-2014  |2 SNKPH  |9 351092 
650 0 7 |a denná tlač  |2 SNKPH  |9 236430 
650 0 7 |a tlač a politika  |2 SNKPH  |9 166129 
650 0 7 |a bulvárne médiá  |2 SNKPH  |9 166071 
650 0 7 |a Daily newspapers  |2 SNKPHeng  |9 351093 
650 0 7 |a Press and politics  |2 SNKPHeng  |9 346546 
650 0 7 |a Tabloids  |2 SNKPHeng  |9 337056 
650 0 7 |a Privatization  |2 SNKPHeng  |9 278108 
650 0 7 |a Media influence  |2 SNKPHeng  |9 291146 
650 0 7 |a privatizácia  |2 SNKPH  |9 2343 
650 0 7 |a periodiká  |2 SNKPH  |9 1414 
650 0 7 |a Periodicals  |2 SNKPHeng  |9 266696 
650 0 7 |a vplyv médií  |2 SNKPH  |9 112304 
651 7 |a Slovensko  |2 SNKPHgeo  |9 14231 
651 7 |a Slovakia  |2 SNKPHeng  |9 92630 
655 7 |a monografie  |2 SNKPH  |9 70139 
655 7 |a Monographs  |2 SNKPHeng  |9 120675 
919 |a 978-80-8075-775-5 
958 |a NB 
999 |c 596201  |d 598131 
952 |a SNK  |b SNK  |y PREZ  |7 0  |p 17A1319868  |o snkSC 177981  |i snk2018/3104  |8 0  |0 0  |1 0  |4 0  |d 2018-02-02  |f 1  |l 0  |r 2025-09-19 00:00:00  |w 2026-02-23 
952 |a SNK  |b SNK  |y VYP  |7 0  |p 17A1319869  |o snkSC 177981 D1  |i snk2018/3105  |8 0  |0 0  |1 0  |4 0  |d 2018-02-02  |l 0  |r 2026-02-23 15:39:14  |w 2026-02-23